[Event "Heusenstamm Sparkassen op U14 5th"]
[Site "Heusenstamm"]
[Date "2018.11.25"]
[Round "7"]
[White "Jelinek, Tim F"]
[Black "Laux, Filip"]
[Result "0-1"]
[WhiteElo "773"]
[BlackElo "1053"]
[PlyCount "144"]
[EventDate "2018.11.23"]
[EventType "swiss"]
[EventRounds "7"]
[EventCountry "GER"]
[SourceTitle "CBM 188 Extra"]
[Source "ChessBase"]
[SourceDate "2019.02.26"]
[SourceVersion "1"]
[SourceVersionDate "2019.02.26"]
[SourceQuality "1"]

1. e4 c6 2. d4 d5 3. e5 Bf5 4. Bd3 Bg6 5. Nf3 e6 6. Bxg6 hxg6 7. Nc3 c5 8. dxc5 Bxc5 9. Be3 Bb6 10. Qd3 Nc6 11. Bg5 f6 12. exf6 gxf6 13. Qxg6+ Kd7 14. Qf7+ Qe7 15. Qxe7+ Kxe7 16. Bd2 d4 17. Ne4 e5 18. 0-0-0 Rc8 19. a3 f5 20. Ng3 Kf6 21. c3 e4 22. Nxd4 Nxd4 23. c4 Rxc4+ 24. Kb1 Nb3 25. Bc3+ Bd4 26. Ka2 Bxc3 27. Kxb3 Ne7 28. Kxc4 Bxb2 29. Kb3 Be5 30. f3 f4 31. Nxe4+ Ke6 32. h4 Nc6 33. Nc5+ Kf6 34. Nd7+ Ke6 35. Nxe5 Kxe5 36. Rde1+ Kf5 37. Re4 Na5+ 38. Kb4 Nc6+ 39. Kc5 Na5 40. Kb5 Nb3 41. h5 a6+ 42. Kb6 Rh6+ 43. Kxb7 Nc5+ 44. Kc7 Nxe4 45. fxe4+ Kxe4 46. Re1+ Kf5 47. Rh1 Kg4 48. Kb7 Kg3 49. Rd1 Kxg2 50. Rd2+ Kg3 51. Rb2 Kg4 52. Rb6 Kxh5 53. Rxh6+ Kxh6 54. Kxa6 f3 55. a4 f2 56. a5 f1Q+ 57. Kb6 Qf6+ 58. Kb5 Qe5+ 59. Kb6 Qd6+ 60. Kb5 Qb8+ 61. Ka4 Qa7 62. Kb5 Kg6 63. a6 Kf6 64. Kc4 Qxa6+ 65. Kb4 Qc6 66. Ka5 Qb7 67. Ka4 Ke5 68. Ka5 Kd5 69. Ka4 Kc5 70. Ka3 Kc4 71. Ka2 Kc3 72. Ka1 Qb2# 0-1

[Event "Eschborn op"]
[Site "Eschborn"]
[Date "2018.10.06"]
[Round "2"]
[White "Lessmann, Sven"]
[Black "Jelinek, Tim F"]
[Result "1-0"]
[WhiteElo "1461"]
[BlackElo "773"]
[PlyCount "119"]
[EventDate "2018.10.05"]
[EventType "swiss"]
[EventRounds "5"]
[EventCountry "GER"]
[SourceTitle "CBM 187 Extra"]
[Source "ChessBase"]
[SourceDate "2018.11.04"]
[SourceVersion "1"]
[SourceVersionDate "2018.11.04"]
[SourceQuality "1"]

1. d4 d5 2. c4 dxc4 3. Nc3 Nc6 4. e3 Nf6 5. Bxc4 g6 6. Nf3 Bg7 7. 0-0 0-0 8. d5 Nb4 9. a3 Na6 10. e4 c6 11. Re1 Bg4 12. h3 Bxf3 13. Qxf3 Nc5 14. Be3 Ncd7 15. Bf4 Nh5 16. Bh2 Be5 17. g3 Bxc3 18. Qxc3 Nc5 19. b4 b5 20. Bxb5 Nxe4 21. Rxe4 cxb5 22. Qc5 a6 23. Rd1 Rc8 24. Qxe7 Qxe7 25. Rxe7 Rfe8 26. Rxe8+ Rxe8 27. d6 Rd8 28. g4 Nf6 29. Be5 Nd7 30. f4 f6 31. Bb2 g5 32. Bc1 h6 33. Kg2 gxf4 34. Bxf4 Kf7 35. Bxh6 Kg6 36. Bf4 Ne5 37. Kg3 Nc4 38. d7 Ne5 39. Bxe5 fxe5 40. Rd6+ Kf7 41. Kf3 Ke7 42. Rd3 Kf6 43. Ke4 Ke6 44. g5 Rxd7 45. Rxd7 Kxd7 46. Kxe5 Ke8 47. Kf6 Kf8 48. h4 Kg8 49. h5 Kf8 50. h6 Ke8 51. h7 Kd7 52. h8Q Kc6 53. Qe8+ Kd5 54. Qe5+ Kc4 55. g6 Kb3 56. Qe3+ Kc4 57. g7 Kd5 58. g8Q+ Kc6 59. Qc5+ Kb7 60. Qgc8# 1-0